| 000 | 00969nam a2200313 4500 | ||
|---|---|---|---|
| 001 | BS2023000100 | ||
| 003 | BR-BrBNA | ||
| 005 | 20230726122806.0 | ||
| 008 | 230605b2011 bl.||||| |||| 00| 0 por d | ||
| 020 | _a978-85-98881-12-6 | ||
| 040 |
_aBR-BrBNA _bpor. |
||
| 041 | _apor. | ||
| 072 | _aB52 | ||
| 100 |
_4org. _aWilladino, Raquel |
||
| 100 |
_4org. _aSento-Sé, João Trajano |
||
| 100 |
_4org. _aDias, Caio Gonçalves |
||
| 100 |
_4org. _aGomes, Fernanda |
||
| 245 |
_aPrevenção à violência e redução de homicídios de adolescentes e jovens no Brasil / _cRaquel Willadino; JoãoTrajano Sento-Sé; Caio Gonçalves Dias; Fernanda Gomes. |
||
| 250 | _a1. ed. | ||
| 260 |
_aRio de Janeiro - RJ : _bObservatório de Favelas, _c2011 |
||
| 300 |
_a208 p. _bIl. |
||
| 650 | _aVIOLÊNCIA | ||
| 650 | _aADOLESCENTES | ||
| 650 | _aASPECTOS SOCIAIS | ||
| 650 | _aHOMICÍDIO | ||
| 909 |
_a202306 _bMaria Neves |
||
| 942 | _cBK | ||
| 999 |
_c9297 _d9297 |
||